| 000 | 01102cam a22002895a 4500 | ||
|---|---|---|---|
| 001 | 15855943 | ||
| 005 | 20160906125739.0 | ||
| 008 | 090806t2009 gw a frb 001 0 eng d | ||
| 020 | _a9783642036248 | ||
| 020 | _a3642036244 | ||
| 040 |
_aBTCTA _cBTCTA _dYDXCP _dVA@ _dGBVCP _dZ5A _dOHX _dDLC _dEG-ScBUE _beng |
||
| 082 | 0 | 4 |
_a006.3 _222 _bSWA |
| 245 | 0 | 0 |
_aSwarm intelligence for multi-objective problems in data mining / _c[editors] Carlos Artemio Coello Coello, Satchidananda Dehuri, and Susmita Ghosh. |
| 260 |
_aBerlin ; _aHeidelberg : _bSpringer Verlag, _cc.2009. |
||
| 300 |
_axiv, 287 p. : _bill. ; _c24 cm. |
||
| 490 | 0 |
_aStudies in computational intelligence ; _vv. 242. |
|
| 500 | _aIndex : p. [283]-287. | ||
| 504 | _aIncludes bibliographical references. | ||
| 650 | 7 |
_aData mining. _2BUEsh _927695 |
|
| 650 | 7 |
_aSwarm intelligence. _2BUEsh _95401 |
|
| 650 | 7 |
_aComputational intelligence. _2BUEsh _95780 |
|
| 653 |
_bCOMSCI _cSeptember2016 |
||
| 700 | 1 |
_aCoello Coello, Carlos A., _eeditor. |
|
| 700 | 1 |
_aDehuri, Satchidananda, _eeditor. |
|
| 700 | 1 |
_aGhosh, Susmita, _eeditor. |
|
| 942 | _2ddc | ||
| 999 |
_c22307 _d22279 |
||